000 01150cam a2200253 4500
001 WB3933-17
008 030901n2003 000 0 eng u
035 _a(Sirsi) u123444
245 _aLandfill allowance trading scheme
260 _c2003
490 _aDEFRA News Release
_v(350/03) 29 August 2003 (2)
520 _aDefra launches a consultation on its proposals for the Landfill Allowance Trading Scheme for local authorities in England. Views are sought on aspects such as the method for calculating and allocating allowances, when to review the scheme, the penalty system and aspects of monitoring. Subject to this consultation, the scheme is scheduled to start during 2004. http://www.gnn.gov.uk/gnn/national.nsf/Daily+News/FD1A1F47D53DB1DB80256D910039B064?opendocument
590 _aWB
650 _aDEFRA
650 _aLANDFILL ALLOWANCE TRADING SCHEME
650 _aLOCAL AUTHORITIES
650 _aCONSULTATION PAPERS
650 _aWASTE DISPOSAL AUTHORITIES
650 _aALLOWANCES
650 _aMONITORING
650 _aDIRECTIVE 99/31/EC
690 _aENVIRONMENTAL AND LAND CONSULTANCY-WASTE MANAGEMENT
942 _n0
999 _c73318
_d73318